Building on sand: why expanding the prison estate is not the way to secure the future
| Main Author: | |
|---|---|
| Format: | Print Book |
| Language: | English |
| Published: |
London
Centre for Crime and Justice Studies, King's College
2008
|
| In: |
Briefing (7)
Year: 2008 |
| Availability in Tübingen: | Present in Tübingen. UB: ZB 5282-2008,7 |
| Check availability: | HBZ Gateway |
| Subito Delivery Service: | Order now. |
MARC
| LEADER | 00000cam a2200000 c 4500 | ||
|---|---|---|---|
| 001 | 1379682673 | ||
| 003 | DE-627 | ||
| 005 | 20220528113732.0 | ||
| 007 | tu | ||
| 008 | 090814s2008 xx ||||| 00| ||eng c | ||
| 035 | |a (DE-627)1379682673 | ||
| 035 | |a (DE-576)309682673 | ||
| 035 | |a (DE-599)BSZ309682673 | ||
| 035 | |a (OCoLC)698981865 | ||
| 040 | |a DE-627 |b ger |c DE-627 |e rakwb | ||
| 041 | |a eng | ||
| 100 | 1 | |a Hedderman, Carol |4 aut | |
| 245 | 1 | 0 | |a Building on sand |b why expanding the prison estate is not the way to secure the future |c Carol Hedderman |
| 264 | 1 | |a London |b Centre for Crime and Justice Studies, King's College |c 2008 | |
| 300 | |a 12 S. |b graph. Darst. | ||
| 336 | |a Text |b txt |2 rdacontent | ||
| 337 | |a ohne Hilfsmittel zu benutzen |b n |2 rdamedia | ||
| 338 | |a Band |b nc |2 rdacarrier | ||
| 490 | 1 | |a Briefing |v 7 | |
| 583 | 1 | |a Archivierung prüfen |c 20200919 |f DE-640 |z 1 |2 pdager | |
| 810 | 2 | |a Centre for Crime and Justice Studies |g London |t Briefing |v 7 |9 7 |w (DE-627)610936573 |w (DE-576)312170661 |w (DE-600)2519815-4 |x 1746-6938 |7 am | |
| 951 | |a BO | ||
| ELC | |b 1 | ||
| LOK | |0 000 xxxxxcx a22 zn 4500 | ||
| LOK | |0 001 2607973287 | ||
| LOK | |0 003 DE-627 | ||
| LOK | |0 004 1379682673 | ||
| LOK | |0 005 20091118093128 | ||
| LOK | |0 008 090814||||||||||||||||ger||||||| | ||
| LOK | |0 040 |a DE-21 |c DE-627 |d DE-21 | ||
| LOK | |0 852 |a DE-21 | ||
| LOK | |0 852 1 |c ZB 5282-2008,7 |9 00 | ||
| LOK | |0 935 |a krim | ||
| LOK | |0 936ln |a k12.4 | ||
| LOK | |0 938 |a 0911 |f 34 | ||
| LOK | |0 939 |a 14-08-09 |b l01 | ||
| ORI | |a SA-MARC-krimdoka001.raw | ||
| SIG | |a UB: ZB 5282-2008,7 | ||
